Zaměřeno na velké škody
Desať najväčších poistných škôd počas prvej dekády 21. storočia (2001–2011). Poistné plnenie a nárok na likvidáciu poistných udalostí. Ničivá sila hurikánov, zemetrasení a povodní, ktoré v posledných rokoch naberajú na intenzite. Veľké škody a štatistiky výšky škôd.
Gespeichert in:
| 1. Verfasser: | |
|---|---|
| Format: | Buchkapitel |
| Sprache: | Tschechisch |
| Schlagworte: | |
| Tags: |
Keine Tags, Fügen Sie das erste Tag hinzu!
|
MARC
| LEADER | 00000nla a2200000 4500 | ||
|---|---|---|---|
| 001 | 0222153 | ||
| 005 | 20240111121813.8 | ||
| 041 | 0 | |a cze | |
| 044 | |a CZ | ||
| 245 | 1 | 0 | |a Zaměřeno na velké škody |c Jiří Janata |
| 520 | |a Desať najväčších poistných škôd počas prvej dekády 21. storočia (2001–2011). Poistné plnenie a nárok na likvidáciu poistných udalostí. Ničivá sila hurikánov, zemetrasení a povodní, ktoré v posledných rokoch naberajú na intenzite. Veľké škody a štatistiky výšky škôd. | ||
| 610 | 2 | 0 | |a poisťovníctvo |
| 610 | 2 | 0 | |a poisťovne |
| 610 | 2 | 0 | |a poistenie zodpovednosti za škody |
| 610 | 2 | 0 | |a udalosti poistné |
| 610 | 2 | 0 | |a sily prírodné |
| 610 | 2 | 0 | |a majetok |
| 610 | 2 | 0 | |a plnenie poistné |
| 610 | 2 | 0 | |a likvidita |
| 100 | 1 | |a Janata, Jiří | |